ბათუმის შოთა რუსთაველის სახელმწიფო უნივერსიტეტის ბიბლიოთეკა

რუსეთი XVII საუკუნის დასასრულსა და XVIII საუკუნეში (ბიბ.ჩანაწერი № 36559)

000 -LEADER
fixed length control field 00745nam a2200217Ia 4500
001 - CONTROL NUMBER
control field 2478
003 - CONTROL NUMBER IDENTIFIER
control field GE_BSU
008 - FIXED-LENGTH DATA ELEMENTS--GENERAL INFORMATION
fixed length control field 181216s||||||||xx |||||||||||||| ||und||
020 ## - INTERNATIONAL STANDARD BOOK NUMBER
International Standard Book Number 5511007153
040 ## - CATALOGING SOURCE
Transcribing agency GE_BSU
080 ## - UNIVERSAL DECIMAL CLASSIFICATION NUMBER
Universal Decimal Classification number 94(470)
100 ## - MAIN ENTRY--PERSONAL NAME
Personal name სოხვაძე,ბ.
245 ## - TITLE STATEMENT
Title რუსეთი XVII საუკუნის დასასრულსა და XVIII საუკუნეში
260 ## - PUBLICATION, DISTRIBUTION, ETC.
Place of publication, distribution, etc. თბილისი
260 ## - PUBLICATION, DISTRIBUTION, ETC.
Name of publisher, distributor, etc. თბილისის უნ–ტის გამ–ბა
260 ## - PUBLICATION, DISTRIBUTION, ETC.
Date of publication, distribution, etc. 1996
300 ## - PHYSICAL DESCRIPTION
Extent 308 გვ.
653 ## - INDEX TERM--UNCONTROLLED
Uncontrolled term რუსეთი VII საუკუნის დასასრულსა და XVIII საუკუნეში
942 ## - ADDED ENTRY ELEMENTS (KOHA)
Koha item type წიგნი
ეგზემპლარები
Withdrawn status Lost status Damaged status Not for loan Date acquired Barcode Date last seen Price effective from Koha item type
        2018-12-17 1581 2018-12-17 2018-12-17 წიგნი